000 00610nam a2200217Ii 4500
003 JO-AjNU
008 230606s9999||||xx |||||||||||||| ||und||
020 _a978-0-367-87926-6
040 _aJO-AjNU
_beng
_erda
_cJO-AjNU
041 _aeng
050 1 4 _aB741.A286 2019
100 3 _aAdamson, Peter,
_eauthor
_96200
245 0 0 _aSTUDIES ON EARLY ARABIC PHILOSOPHY
250 _a1ed
264 3 1 _aNew York and London:Routledge,2019
300 _a189p
336 _atext
_btxt
_2rdacontent
337 _aunmediated
_bn
_2rdamedia
338 _avolume
_bnc
_2rdacarrier
650 4 _a ARABIC PHILOSOPHY
_96201
999 _aE3217
_c3213
_d3213